STATISTICAL TECHNIQUES BUSINESS IN & ECONOMICS (Record no. 35690)
[ view plain ]
| 000 -LEADER | |
|---|---|
| fixed length control field | 00320nam a22001337a 4500 |
| 008 - FIXED-LENGTH DATA ELEMENTS--GENERAL INFORMATION | |
| fixed length control field | 171024b xxu||||| |||| 00| 0 eng d |
| 020 ## - INTERNATIONAL STANDARD BOOK NUMBER | |
| International Standard Book Number | 9780077270063 |
| 041 ## - LANGUAGE CODE | |
| Language code of text/sound track or separate title | eng |
| 080 ## - UNIVERSAL DECIMAL CLASSIFICATION NUMBER | |
| Edition identifier | 14th |
| Universal Decimal Classification number | 311 |
| 100 ## - Rafti | |
| Rafti | 55 |
| 101 ## - Shkurtesa | |
| Shkurtesa | STA |
| 245 ## - TITLE STATEMENT | |
| Title | STATISTICAL TECHNIQUES BUSINESS IN & ECONOMICS |
| Statement of responsibility, etc | LIND,D.A |
| 942 ## - ADDED ENTRY ELEMENTS (KOHA) | |
| Source of classification or shelving scheme | |
| Item type | Books |
No items available.